Julio de la Peña : arquitecto : sesenta años en la arquitectura /

Su hijo –también arquitecto- José Antonio de la Peña Rivero es el compilador de esta memoria que reúne fotografías y planos de toda la trayectoria del artista tapatío hasta el año 2000.

Guardat en:
Dades bibliogràfiques
Autor principal: Peña, Julio de la (arquitecto)
Altres autors: Peña Rivero, José Antonio de la (compilación) (compilación)
Format: Llibre
Idioma:espanyol
Publicat: Guadalajara, México : edición de autor, ca. 2000
Matèries:
Etiquetes: Afegir etiqueta
Sense etiquetes, Sigues el primer a etiquetar aquest registre!

MARC

LEADER 00000nam^a2200000^a^4500
001 000565012
005 20250526000000.0
009 20260310132037.301
037 |a Acervo ITESO - Biblioteca 
041 |a ESP 
082 |a 720. 972  |b PEÑ 
100 |a Peña, Julio de la  |e (arquitecto) 
245 1 0 |a Julio de la Peña :  |b arquitecto : sesenta años en la arquitectura /  |c J. de la Peña ; comp. e introd. de J.A. de la Peña Rivero. 
264 1 |a Guadalajara, México :  |b edición de autor,  |c ca. 2000 
300 |a 196 p. ;  |c 22.5 cm. 
336 |a texto  |b txt  |2 rdacontenido 
337 |a sin mediación  |b n  |2 rdamedio 
338 |a volumen  |b nc  |2 rdasoporte 
520 |a Su hijo –también arquitecto- José Antonio de la Peña Rivero es el compilador de esta memoria que reúne fotografías y planos de toda la trayectoria del artista tapatío hasta el año 2000. 
545 0 |a Julio de la Peña Lomelín (Guadalajara, 1917-2002), arquitecto jalisciense. Estudió Ingeniería Civil en la Universidad Autónoma de Guadalajara (1936-1941). Participó en 1948 en la fundación de la Escuela de Arquitectura de la Universidad de Guadalajara, de la que fue su primer secretario, y en 1953 formó su taller personal independiente. Para ese momento, De la Peña ya había creado varias edificaciones notables en la capital jalisciense y a partir de 1958 su trabajo empezaría a extenderse a otras localidades, como Ciudad de México, Autlán, Mazatlán, Chilpancingo, San Miguel de Allende, Aguascalientes, Monterrey, Palm Springs, Estados Unidos y San José, Costa Rica. Miembro honorario del Colegio de Arquitectos de Jalisco y académico emérito de la Academia Nacional de Arquitectura, Julio de la Peña recibió el Premio de Arquitectura Clemente Orozco (1965) y el Premio de Arquitectura Jalisco (1994), entre otros reconocimientos. Además de sus experiencias docentes y académicas, también contribuyó a los estudios arquitectónicos con sus publicaciones Cincuenta años de arquitectura en Guadalajara (1957) y Arquitectura contemporánea tapatía (1992). 
649 |a XX 
650 |a Arquitectos Jaliscienses 
650 |a Arquitectos Mexicanos 
650 |a Artistas Jaliscienses 
650 |a Artistas Mexicanos 
650 |a Arquitectura Moderna -  |z Guadalajara, Jalisco -  |x Historia y Crítica 
650 |a Arquitectura Moderna -  |z Jalisco -  |x Historia y Crítica 
650 |a Arquitectura Moderna -  |z México -  |x Historia y Crítica 
650 |a Arquitectura Jalisciense -  |y Siglo XX 
650 |a Arquitectura Jalisciense -  |x Historia y Crítica 
650 |a Arquitectura Mexicana -  |y Siglo XX 
650 |a Arquitectura Mexicana -  |x Historia y Crítica 
650 |a Arte Moderno -  |z Guadalajara, Jalisco -  |x Historia y Crítica 
650 |a Arte Moderno -  |z Jalisco -  |x Historia y Crítica 
650 |a Arte Moderno -  |z México -  |x Historia y Crítica 
650 |a Arte Jalisciense -  |y Siglo XX 
650 |a Arte Jalisciense -  |x Historia y Crítica 
650 |a Arte Mexicano -  |y Siglo XX 
650 |a Arte Mexicano -  |x Historia y Crítica 
650 |a Peña, Julio de la -  |x Tema Principal 
700 |a Peña Rivero, José Antonio de la  |e (compilación) 
910 |a Fondo General 
920 |a Impresos - Libros 
930 |a Libros Antiguos y Raros 
905 |a 108 
901 |a 0500079569  |b IT2  |c LRA  |i C76332  |u 20250526 
902 |a https://opac.biblio.iteso.mx/vufind/Record/000565012